000 00485cam a22002051 4500
001 sa 64005626
003 DLC
005 20260227112033.0
008 891006s1963 ii 000 0 tamo
010 _asa 64005626
035 _a(OCoLC)20450501
040 _aDLC
_cWaU
_dDLC
042 _apremarc
050 0 0 _aPL4758.9.C44
_bT3
100 0 _aCentur̲aimuttu.
245 1 0 _aTamil̲mar̲ai vāl̲vin̲ar.
260 _c[1963]
300 _a123 p.
_c19 cm.
500 _aIn Tamil.
999 _c59219
_d59219